State of food and agriculture (Record no. 691721)

MARC details
000 -LEADER
fixed length control field 00823nam a2200265Ia 4500
003 - CONTROL NUMBER IDENTIFIER
control field OSt
005 - DATE AND TIME OF LATEST TRANSACTION
control field 20220927105316.0
008 - FIXED-LENGTH DATA ELEMENTS--GENERAL INFORMATION
fixed length control field 220926b |||||||| |||| 00| 0 eng d
020 ## - INTERNATIONAL STANDARD BOOK NUMBER
International Standard Book Number 9789251056004
037 ## - SOURCE OF ACQUISITION
Terms of availability Reference Collections
040 ## - CATALOGING SOURCE
Original cataloging agency RTL
Transcribing agency RTL
Language of cataloging eng
041 ## - LANGUAGE CODE
Source of code eng
Language code of text/sound track or separate title eng
110 ## - MAIN ENTRY--CORPORATE NAME
Corporate name or jurisdiction name as entry element "UNITED STATE ,FOOD AND AGRICULTURE ORGANITION"
9 (RLIN) 371576
245 #0 - TITLE STATEMENT
Title State of food and agriculture
Remainder of title Food aid for food security ?
260 ## - PUBLICATION, DISTRIBUTION, ETC.
Place of publication, distribution, etc. Rome
Name of publisher, distributor, etc. FAO
Date of publication, distribution, etc. 2006
300 ## - PHYSICAL DESCRIPTION
Extent "xii,168p"
Dimensions cm.
500 ## - GENERAL NOTE
General note Bibliography P 155-62; Glossary P x-xi
700 ## - ADDED ENTRY--PERSONAL NAME
Personal name "UNITED STATE ,FOOD AND AGRICULTURE ORGANITION"
9 (RLIN) 371577
942 ## - ADDED ENTRY ELEMENTS (KOHA)
Classification part "X9(J3), P6/UN"
Koha item type
Holdings
Withdrawn status Lost status Damaged status Not for loan Home library Current library Date acquired Total Checkouts Full call number Barcode Date last seen Price effective from Koha item type
        Ratan Tata Library Ratan Tata Library 2022-09-27   "X9(J3) P6/UN" RT1329608 2022-09-27 2022-09-27  
Copyright @ Delhi University Library System